000 00506pab a2200169 454500
008 180718b2006 xxu||||| |||| 00| 0 eng d
100 _aSanders, Richard
245 _aA market road to sustainable agriculture? Ecological agriculture, green food and organic agriculture in China
260 _c2006
300 _ap.201-26.
362 _aJan
650 _aSustainable agriculture - China
650 _aAgriculture - China
650 _aAgriculture
773 _aDevelopment and Change
909 _a71492
999 _c71492
_d71492